A study on women empowerment through financial literacy (Record no. 506940)

000 -LEADER
fixed length control field 00409nam a2200157Ia 4500
008 - FIXED-LENGTH DATA ELEMENTS--GENERAL INFORMATION
fixed length control field 181130s2018 xx 000 0 und d
100 ## - MAIN ENTRY--PERSONAL NAME
Personal name Shah, Kamini
245 ## - TITLE STATEMENT
Title A study on women empowerment through financial literacy
260 ## - PUBLICATION, DISTRIBUTION, ETC. (IMPRINT)
Date of publication, distribution, etc 2018
300 ## - PHYSICAL DESCRIPTION
Extent p.16-24.
650 ## - SUBJECT ADDED ENTRY--TOPICAL TERM
Topical term or geographic name as entry element Women
9 (RLIN) 6624
650 ## - SUBJECT ADDED ENTRY--TOPICAL TERM
Topical term or geographic name as entry element Women empowerment
9 (RLIN) 6625
773 ## - HOST ITEM ENTRY
Main entry heading University News
906 ## - LOCAL DATA ELEMENT F, LDF (RLIN)
Subject DIP Women
942 ## - ADDED ENTRY ELEMENTS (KOHA)
Source of classification or shelving scheme
Item type Articles
Holdings
Withdrawn status Lost status Damaged status Not for loan Permanent location Current location Date acquired Serial Enumeration / chronology Barcode Date last seen Koha item type
        Indian Institute of Public Administration Indian Institute of Public Administration 2018-12-07 56(27),2-Jul, 2018: p.16-24. AR117826 2018-12-07 Articles

Powered by Koha